Finanse i rachunkowosc wobec wyzwan europejskich materialy na konferencje naukowa ..., Jelenia Góra, 28-29 pazdziernika 2000
Salvato in:
| Natura: | Libro |
|---|---|
| Lingua: | polacco |
| Pubblicazione: |
Wroclaw
Wydawnictwo Akademii Ekonomicznej im. Oskara Langego we Wroclawiu
2000
|
| Serie: | Materialy konferencyjne
|
| Soggetti: | |
| Tags: |
Nessun Tag, puoi essere il primo ad aggiungerne!!
|
MARC
| LEADER | 00000nam a2200000 4500 | ||
|---|---|---|---|
| 001 | c123808 | ||
| 005 | 20240419082653.6 | ||
| 041 | 0 | |a pol | |
| 044 | |a PL | ||
| 245 | 1 | 0 | |a Finanse i rachunkowosc wobec wyzwan europejskich |b materialy na konferencje naukowa ..., Jelenia Góra, 28-29 pazdziernika 2000 |c Redaktor naukowy: Grazyna Borys |
| 264 | 1 | |a Wroclaw |b Wydawnictwo Akademii Ekonomicznej im. Oskara Langego we Wroclawiu |c 2000 | |
| 300 | |a 119 s. | ||
| 490 | 1 | |a Materialy konferencyjne | |
| 830 | 0 | |a Materialy konferencyjne | |
| 610 | 2 | 0 | |a financie |
| 610 | 2 | 0 | |a účtovníctvo |
| 610 | 2 | 0 | |a banky |
| 610 | 2 | 0 | |a obligácie |
| 610 | 2 | 0 | |a právo daňové |
| 610 | 2 | 0 | |a výskum |
| 610 | 2 | 0 | |a ochrana právna |
| 610 | 2 | 0 | |a ochrana pracovníkov |
| 610 | 2 | 0 | |a konkurencia |
| 610 | 2 | 0 | |a obce |
| 610 | 2 | 0 | |a karty platobné |
| 610 | 2 | 0 | |a integrácia ekonomická medzinárodná |
| 610 | 2 | 0 | |a poľnohospodárstvo |